| 000 | 00810nam a2200253Ia 4500 | ||
|---|---|---|---|
| 003 | OSt | ||
| 005 | 20220927105751.0 | ||
| 006 | a|||||r|||| 00| 0 | ||
| 007 | ta | ||
| 008 | 220926b |||||||| |||| 00| 0 eng d | ||
| 024 | _a208528 | ||
| 037 | _cReference Collections | ||
| 040 |
_aRTL _cRTL _beng |
||
| 041 |
_2eng _aeng |
||
| 082 | _a"X9J:(Z).2, 76p" | ||
| 100 |
_aHOUSING AND LAND RIGHTS NETWORK _9374880 |
||
| 110 |
_aHOUSING AND LAND RIGHTS NETWORK _9374881 |
||
| 245 | 0 |
_aFrom Deprivation to Destitution _b The impact of forced eviction in topsia |
|
| 260 |
_aNew _b"Delhi, HLRN " _c2015 |
||
| 300 |
_a76p _ccm. |
||
| 700 |
_aHOUSING AND LAND RIGHTS NETWORK _9374880 |
||
| 942 |
_h"X9J:(Z).2, 76p" _cCC |
||
| 999 |
_c694522 _d694522 |
||